Reglament sobre l'assitència jurídica, econòmica i tècnica de la Diputació de Barcelona
ISBN:
84-7794-305-2
Descripción Física:
14 p. ; 15 cm
MARC
| LEADER | 00000nam a2200000Ia 4500 | ||
|---|---|---|---|
| 001 | 17919 | ||
| 008 | 160829s1994 xx 000 0 cat d | ||
| 020 | |a 84-7794-305-2 | ||
| 080 | |a FU-47-45 | ||
| 110 | 1 | |a Barcelona (Catalunya : Província). |b Diputació |9 52408 | |
| 245 | |a Reglament sobre l'assitència jurídica, econòmica i tècnica de la Diputació de Barcelona | ||
| 250 | |a Ed. no venal | ||
| 260 | |a Barcelona : |b Diputació de Barcelona, |c 1994 | ||
| 300 | |a 14 p. ; |c 15 cm | ||
| 610 | 0 | |a Barcelona (Catalunya : Província). |b Diputació |x Reglaments i procediment |9 54210 | |
| 901 | |a Arxiu | ||
| 942 | |n 1 | ||
| 952 | |0 0 |1 0 |4 0 |6 FU4745 |7 1 |9 48965 |a Arxiu |b Arxiu |d 2016-12-01 |l 0 |o FU-47-45 |p 17919 |r 2016-12-01 00:00:00 |w 2016-12-01 |y ARXIU | ||
| 999 | |c 52800 |d 52800 | ||